000 00785nam a22002657a 4500
001 21154
003 UA-OsUOA
005 20210103192516.0
007 ta
008 20031120b un ||||| |||| 00| 0 ukr d
020 _a966-7294-56-0
040 _aUA-OsUOA
_bukr
_cUA-OsUOA
_dUA-OsUOA
041 _aukr
044 _aUA
080 _a94(477).08
090 _a94(477).08
_bЯ77
100 _aЯрош Б. О.
245 _aСторінки політичної історії західноукраїнських земель (30-50-ті рр. ХХ ст.)
_bмонографія
260 _aЛуцьк
_bВежа
_c1999
300 _a183 с.
650 7 _2UDC
942 _cBK
_2udc
955 _a0
999 _c307347
_d307347